| 000 | 00588nam a22001937a 4500 | ||
|---|---|---|---|
| 003 | OSt | ||
| 005 | 20220107122851.0 | ||
| 008 | 190627b xxu||||| |||| 00| 0 eng d | ||
| 040 | _cIIITMK | ||
| 100 |
_aShimon Francis (92317019) _915953 |
||
| 245 | _aDetection of directional spectrum and height of ocean waves from video imagery | ||
| 300 | _aMSC GIS 2017-2019 | ||
| 502 |
_bMSC GIS _c2017-2019 _dINT _eRadhakrishnan T |
||
| 650 |
_aVIDEO REMOTE SENSING _915954 |
||
| 650 |
_aVIDEO MONITORING _915955 |
||
| 650 |
_aOCEANOGRAPHY _915956 |
||
| 650 |
_aOCEAN WAVES _915957 |
||
| 942 |
_2ddc _cPR |
||
| 999 |
_c6520 _d6520 |
||